000 00390nam a2200157 a 4500
082 0 0 _a239
_bAKB
100 _aAkbar masih
245 _aTawilul Qur`an.
260 _aLahore
_bPunjab Religious Booksociety
_c1921
300 _a157p
500 _aincludes index and biblioraphy
505 2 _aNotes and foot notes
650 _aQuran - hermeneutics
700 1 _aBarkatullah, P
942 _cBK
999 _c4338
_d4338